|
|
|
|
| LEADER |
01460nam a2200325 a 4500 |
| 001 |
1549 |
| 003 |
BD-DhAAL |
| 005 |
20150428104244.0 |
| 008 |
150428s1996 cau b 001 0 eng |
| 010 |
|
|
|a 94044040
|
| 020 |
|
|
|a 1558154558
|
| 040 |
|
|
|a DLC
|c DLC
|d DLC
|d BD-DhAAL
|
| 050 |
0 |
0 |
|a HD82
|b .S5816 1996
|
| 082 |
0 |
0 |
|a 338.6/42
|2 20
|
| 100 |
1 |
|
|a Snodgrass, Donald R.
|9 10824
|
| 245 |
1 |
0 |
|a Industrialization and the small firm :
|b patterns and policies /
|c Donald R. Snodgrass, Tyler Biggs.
|
| 260 |
|
|
|a San Francisco, Calif. :
|b ICS Press,
|c c1996.
|
| 300 |
|
|
|a xiv, 313 p. ;
|c 23 cm.
|
| 500 |
|
|
|a "A copublication with the Harvard Institute for International Development."
|
| 504 |
|
|
|a Includes bibliographical references (p. 277-300) and index.
|
| 541 |
|
|
|e 1549
|
| 650 |
|
0 |
|a Economic development.
|9 10825
|
| 650 |
|
0 |
|a Small business
|z Developing countries.
|9 10826
|
| 651 |
|
0 |
|a Developing countries
|x Economic conditions.
|9 8636
|
| 700 |
1 |
|
|a Biggs, Tyler,
|d 1942-
|9 10827
|
| 710 |
2 |
|
|a Harvard Institute for International Development.
|9 10828
|
| 942 |
|
|
|2 ddc
|c BK
|
| 999 |
|
|
|c 34339
|d 34339
|
| 952 |
|
|
|0 0
|1 0
|2 ddc
|4 0
|6 338_642000000000000_SNO
|7 0
|9 53606
|a SCL
|b SCL
|c GEN
|d 2015-04-28
|e Gift: The Asia Foundation
|l 0
|o 338.642 SNO
|p 3020001549
|r 2015-04-28
|t 1
|w 2015-04-28
|y BK
|
| 952 |
|
|
|0 0
|1 0
|2 ddc
|4 0
|6 338_642000000000000_SNO
|7 0
|9 53635
|a SCL
|b SCL
|c GEN
|d 2015-04-30
|e Gift: The Asia Foundation
|l 1
|m 7
|o 338.642 SNO
|p 3020000228
|r 2025-05-07
|s 2025-02-18
|t 2
|w 2015-04-30
|y BK
|